[Event "BL 8990 Delmenhorst-HSK"]
[Site "?"]
[Date "1990.??.??"]
[Round "?.7"]
[White "Mueller, Ka"]
[Black "Derikum, A."]
[Result "1/2-1/2"]
[WhiteElo "2365"]
[BlackElo "2285"]
[PlyCount "126"]
[EventDate "1990.??.??"]

1. e4 c6 2. c4 d5 3. exd5 cxd5 4. cxd5 Nf6 5. Nc3 Nxd5 6. Nf3 g6 7. Qb3 Nb6 8.
Bb5+ Bd7 9. Ne5 e6 10. Ne4 Be7 11. d4 O-O 12. Nxd7 N8xd7 13. Bh6 Re8 14. O-O
Nd5 15. Rac1 a6 16. Be2 Qb6 17. Qxb6 N7xb6 18. Bf3 Rac8 19. Nc3 Bf6 20. Be3
Red8 21. Ne4 Be7 22. Nc5 Rc7 23. Bd2 Rdc8 24. Ba5 Rc6 25. Bxb6 Rxb6 26. Bxd5
exd5 27. Nb3 Rbc6 28. Rxc6 Rxc6 29. Rc1 Rxc1+ 30. Nxc1 Bf6 31. Nb3 Kf8 32. Kf1
Ke7 33. Ke2 Kd6 34. Kd3 b6 35. Na1 Be7 36. Nc2 Ke6 37. a4 Kd7 38. Ne3 Ke6 39.
h3 h5 40. g3 Bd6 41. Ng2 g5 42. Ke3 Bb4 43. f3 f6 44. g4 hxg4 45. fxg4 Be7 46.
Kf3 Bb4 47. Ne3 Bd2 48. Nf5 Bc1 49. b3 Bd2 50. Ke2 Bc3 51. Kd3 Be1 52. Ke3 Bc3
53. h4 gxh4 54. Nxh4 Bb2 55. Ng2 Bc1+ 56. Kf3 Bg5 57. Nf4+ Kd6 58. Nd3 a5 59.
Nf4 Kc6 60. Kg3 Kd6 61. Ne2 Kc6 62. Kf3 Kd6 63. Ng3 Kd7 1/2-1/2

[Event "BL 8990 Delmenhorst-HSK"]
[Site "?"]
[Date "1990.??.??"]
[Round "?.8"]
[White "Meyer, H."]
[Black "Sievers, S."]
[Result "0-1"]
[WhiteElo "2310"]
[BlackElo "2255"]
[PlyCount "74"]
[EventDate "1990.??.??"]

1. d4 Nf6 2. Nf3 c5 3. e3 e6 4. Bd3 d5 5. O-O c4 6. Be2 b5 7. Nbd2 Bb7 8. Ne5
Nc6 9. f4 Bd6 10. c3 Ne7 11. Bf3 Ne4 12. Qc2 f6 13. Nxe4 dxe4 14. Bxe4 Bxe4 15.
Qxe4 fxe5 16. fxe5 Bc7 17. a4 Qd5 18. Qg4 h5 19. Qe2 a6 20. b3 Kd7 21. e4 Qc6
22. Bg5 Raf8 23. axb5 axb5 24. Rfd1 cxb3 25. d5 exd5 26. exd5 Nxd5 27. e6+ Kc8
28. e7 Bb6+ 29. Kh1 Rf2 30. Ra8+ Qxa8 31. e8=Q+ Rxe8 32. Qxe8+ Kb7 33. Qxb5 Nc7
34. Qxb3 Qa2 35. Qb4 Qe2 36. Qb1 Rxg2 37. Bf4 Rxh2+ 0-1

[Event "BL 8990 München 36-Bayern"]
[Site "?"]
[Date "1990.??.??"]
[Round "?.1"]
[White "Hjartarson, J."]
[Black "Smejkal, J."]
[Result "1/2-1/2"]
[WhiteElo "2555"]
[BlackElo "2545"]
[PlyCount "105"]
[EventDate "1990.??.??"]

1. e4 e5 2. Nf3 Nc6 3. Bb5 a6 4. Ba4 Nf6 5. O-O Nxe4 6. d4 b5 7. Bb3 d5 8. dxe5
Be6 9. Nbd2 Nc5 10. c3 d4 11. Bxe6 Nxe6 12. cxd4 Ncxd4 13. a4 Be7 14. Nxd4 Qxd4
15. axb5 Qxe5 16. bxa6 O-O 17. Qa4 Rfb8 18. Nf3 Qb5 19. a7 Rb7 20. Qxb5 Rxb5
21. Be3 Bf6 22. Ra2 Kf8 23. Nd2 Bd4 24. Nc4 Rb7 25. Rfa1 Bxe3 26. fxe3 Ke8 27.
Ra5 Nd8 28. R1a3 Nc6 29. Rg5 g6 30. Rc5 Nd8 31. Re5+ Kf8 32. Rea5 Nc6 33. Ra6
Nb4 34. Rb3 c5 35. Ra5 Raxa7 36. Rxc5 Na6 37. Rxb7 Rxb7 38. Ra5 Nb4 39. Ra3 Rc7
40. b3 Rd7 41. Kf2 Rd3 42. Kf3 Ke7 43. Ne5 Rxe3+ 44. Kxe3 Nc2+ 45. Ke4 Nxa3 46.
b4 Ke6 47. Nf3 f5+ 48. Kf4 h6 49. Nd4+ Kd5 50. b5 g5+ 51. Ke3 Nc4+ 52. Kd3 f4
53. Nf5 1/2-1/2

[Event "BL 8990 München 36-Bayern"]
[Site "?"]
[Date "1990.??.??"]
[Round "?.2"]
[White "Ftacnik, L."]
[Black "Kindermann, S."]
[Result "1/2-1/2"]
[WhiteElo "2550"]
[BlackElo "2530"]
[PlyCount "86"]
[EventDate "1990.??.??"]

1. d4 Nf6 2. c4 g6 3. g3 Bg7 4. Bg2 d5 5. cxd5 Nxd5 6. e4 Nb6 7. Ne2 O-O 8. O-O
Nc6 9. d5 Na5 10. Nbc3 c6 11. Bf4 cxd5 12. exd5 e5 13. Be3 Nac4 14. Bc5 Re8 15.
b3 Nd7 16. Bxa7 Rxa7 17. bxc4 Nc5 18. Nb5 Ra4 19. Nec3 Rxc4 20. Qe2 Rb4 21. a3
Rb3 22. Qc4 b6 23. Rfb1 Rxb1+ 24. Rxb1 e4 25. Nxe4 Nxe4 26. Bxe4 Rxe4 27. Qxe4
Bf5 28. Qb4 Bxb1 29. Qxb1 Qxd5 30. a4 h5 31. Qb4 Bf6 32. h4 Qd1+ 33. Kg2 Qd5+
34. Kg1 Kg7 35. a5 bxa5 36. Qxa5 Qd1+ 37. Kg2 Qd5+ 38. Kg1 Be5 39. Qb4 Qf3 40.
Qd2 Kh7 41. Qe1 Qd5 42. Qe2 Kg7 43. Kh2 Kh7 1/2-1/2

[Event "BL 8990 München 36-Bayern"]
[Site "?"]
[Date "1990.??.??"]
[Round "?.3"]
[White "Hickl, J."]
[Black "Bastian, H."]
[Result "1/2-1/2"]
[WhiteElo "2510"]
[BlackElo "2340"]
[PlyCount "117"]
[EventDate "1990.??.??"]

1. e4 c5 2. c3 Nf6 3. e5 Nd5 4. d4 cxd4 5. Nf3 Nc6 6. Bc4 Nb6 7. Bb3 d5 8. exd6
Qxd6 9. O-O Bf5 10. cxd4 Bxb1 11. Rxb1 e6 12. Qe2 Be7 13. Qe4 Nd5 14. Rd1 Rd8
15. Qg4 g6 16. Bh6 Bf8 17. Bg5 Be7 18. Bh6 Bf8 19. Bg5 Be7 20. Re1 O-O 21. Bh6
Rfe8 22. Rbd1 a6 23. a3 Bf6 24. Qe4 Nce7 25. Ne5 Nf5 26. Bc1 Bg7 27. Nc4 Qe7
28. Ne5 Qd6 29. Bg5 Rc8 30. g4 h6 31. Bc1 Nh4 32. Rd3 g5 33. Bd2 Rcd8 34. Qe2
Qb6 35. Rd1 Qd6 36. Bc2 Rc8 37. Bb1 Red8 38. Rh3 Ne7 39. Nf3 Nxf3+ 40. Rxf3
Qxd4 41. Rd3 Qxb2 42. Qe4 Rxd3 43. Bxd3 Nd5 44. h4 Qxa3 45. hxg5 hxg5 46. Bxg5
Qb4 47. Qh7+ Kf8 48. Be4 Rc4 49. Bh6 Bxh6 50. Qxh6+ Ke8 51. f3 Qa4 52. Rb1 Qc6
53. Kg2 Rc5 54. Qh8+ Ke7 55. Qh4+ Ke8 56. Qh8+ Ke7 57. Qh4+ Kd7 58. Qh7 Ke7 59.
Qh4+ 1/2-1/2

[Event "BL 8990 München 36-Bayern"]
[Site "?"]
[Date "1990.??.??"]
[Round "?.4"]
[White "Pichler, J."]
[Black "Bischoff, K."]
[Result "1-0"]
[WhiteElo "2325"]
[BlackElo "2530"]
[PlyCount "77"]
[EventDate "1990.??.??"]

1. e4 c5 2. Nf3 e6 3. d4 cxd4 4. Nxd4 Nc6 5. Nb5 d6 6. c4 Nf6 7. N1c3 a6 8. Na3
b6 9. Be2 Bb7 10. O-O Nb8 11. f3 Be7 12. Be3 Nbd7 13. Qd2 O-O 14. Rfd1 Qc7 15.
Rac1 Rfd8 16. Qe1 Rac8 17. Qf2 Ba8 18. Rc2 Rb8 19. b4 Qa7 20. g4 Ne8 21. Nab1
Qc7 22. Rcc1 Rb7 23. Nd2 Qb8 24. Nb3 h6 25. a3 Nef6 26. h4 Nh7 27. Nd4 Rc7 28.
g5 hxg5 29. hxg5 Nxg5 30. Qg2 Nh7 31. Bh6 Bf6 32. Nd5 Bxd5 33. exd5 Ndf8 34.
Nc6 Qc8 35. Nxd8 Qxd8 36. Be3 Rd7 37. f4 Bb2 38. Rb1 Qf6 39. Rxb2 1-0

[Event "BL 8990 München 36-Bayern"]
[Site "?"]
[Date "1990.??.??"]
[Round "?.5"]
[White "Hertneck, G."]
[Black "Kaiser, W."]
[Result "1-0"]
[WhiteElo "2475"]
[BlackElo "2345"]
[PlyCount "47"]
[EventDate "1990.??.??"]

1. d4 d5 2. Nf3 c6 3. c4 e6 4. Nc3 dxc4 5. a4 Bb4 6. Bd2 Nf6 7. e3 b5 8. axb5
Bxc3 9. Bxc3 cxb5 10. b3 a5 11. bxc4 Ne4 12. Bb2 b4 13. Bd3 f5 14. Bxe4 fxe4
15. Nd2 Qh4 16. O-O O-O 17. g3 Qh3 18. Nxe4 a4 19. Rxa4 Bb7 20. d5 Rxa4 21.
Qxa4 exd5 22. Qa7 dxe4 23. Qxb7 Nd7 24. Qxe4 1-0

[Event "BL 8990 München 36-Bayern"]
[Site "?"]
[Date "1990.??.??"]
[Round "?.6"]
[White "Goetz, R."]
[Black "Schlosser, P."]
[Result "0-1"]
[WhiteElo "2315"]
[BlackElo "2475"]
[PlyCount "61"]
[EventDate "1990.??.??"]

1. e4 c5 2. Nf3 e6 3. d4 cxd4 4. Nxd4 a6 5. Bd3 Nf6 6. O-O Qc7 7. Qe2 d6 8. Kh1
g6 9. f4 Bg7 10. Nf3 O-O 11. c4 b6 12. Nc3 Bb7 13. Bd2 Nbd7 14. Rac1 Rac8 15.
Be1 Rfe8 16. Bh4 Nh5 17. Ng5 d5 18. e5 dxc4 19. Bb1 f5 20. a4 Qc6 21. Rcd1 Bf8
22. Qd2 Nc5 23. Nf3 Nb3 24. Qe3 Bc5 25. Qe2 b5 26. axb5 axb5 27. Bg3 Rcd8 28.
Bc2 Nd4 29. Nxd4 Rxd4 30. Rxd4 Bxd4 31. Qd1 0-1

[Event "BL 8990 München 36-Bayern"]
[Site "?"]
[Date "1990.??.??"]
[Round "?.7"]
[White "Stangl, M."]
[Black "Roese, O."]
[Result "0-1"]
[WhiteElo "2375"]
[BlackElo "2345"]
[PlyCount "56"]
[EventDate "1990.??.??"]

1. Nf3 Nf6 2. c4 g6 3. g3 Bg7 4. Bg2 O-O 5. d4 d5 6. cxd5 Nxd5 7. O-O Nc6 8. e4
Nb6 9. d5 Na5 10. Nc3 c6 11. Bg5 cxd5 12. exd5 h6 13. Bf4 Nac4 14. Qe2 g5 15.
Bc1 Bg4 16. h3 Bh5 17. g4 Bg6 18. Rd1 Rc8 19. Nd4 Nd6 20. f4 gxf4 21. Bxf4 Nbc4
22. b3 Qb6 23. Kh1 Nb2 24. Qxb2 Bxd4 25. Rac1 Ne4 26. Rxd4 Qxd4 27. Nd1 Ng3+
28. Bxg3 Qxb2 0-1

[Event "BL 8990 Heidelberg-Hofheim"]
[Site "?"]
[Date "1990.??.??"]
[Round "?.1"]
[White "Zude, A."]
[Black "Ostl, A."]
[Result "1-0"]
[WhiteElo "2325"]
[BlackElo "2335"]
[PlyCount "83"]
[EventDate "1990.??.??"]

1. e4 c5 2. Nf3 Nf6 3. e5 Nd5 4. Nc3 Nxc3 5. dxc3 d5 6. exd6 Qxd6 7. Qxd6 exd6
8. Bf4 Be6 9. O-O-O d5 10. Bb5+ Nc6 11. Ne5 Rc8 12. Nxc6 bxc6 13. Ba6 Rd8 14.
Bb7 Kd7 15. Ba6 Bd6 16. Bxd6 Kxd6 17. Rhe1 Kc7 18. Bf1 Rhe8 19. Rd3 Bf5 20.
Rde3 Re6 21. Bd3 Bxd3 22. cxd3 Rf6 23. R1e2 a5 24. Rg3 g6 25. Rge3 a4 26. Re7+
Kb6 27. f3 h5 28. R2e5 h4 29. h3 Rdd6 30. Kd2 c4 31. d4 a3 32. bxa3 c5 33. Ke3
cxd4+ 34. Kxd4 Rf4+ 35. Ke3 Rff6 36. Re8 Kc5 37. Rc8+ Rc6 38. Rd8 Rfd6 39. Rxd6
Kxd6 40. Kd4 Rc5 41. f4 f6 42. Re6+ 1-0

[Event "BL 8990 Heidelberg-Hofheim"]
[Site "?"]
[Date "1990.??.??"]
[Round "?.2"]
[White "Steinbacher, M."]
[Black "Buchal, S."]
[Result "1-0"]
[WhiteElo "2325"]
[BlackElo "2335"]
[PlyCount "70"]
[EventDate "1990.??.??"]

1. b3 Nf6 2. Bb2 g6 3. Bxf6 exf6 4. e3 b6 5. Be2 Bb7 6. Bf3 Bxf3 7. Qxf3 Nc6 8.
Nc3 Bg7 9. Nd5 f5 10. d4 O-O 11. Ne2 a5 12. a4 Nb4 13. O-O c6 14. Nxb4 axb4 15.
Rad1 d5 16. Rc1 Qd6 17. Rfd1 Rfc8 18. g3 Qb8 19. c4 bxc3 20. Rxc3 Bf8 21. Nf4
b5 22. Rdc1 bxa4 23. bxa4 Rxa4 24. Nxd5 Qb2 25. R3c2 Qb3 26. Nf6+ Kg7 27. Rxc6
Rxc6 28. Qxc6 Qb2 29. Ne8+ Kh6 30. Qxa4 Qxc1+ 31. Kg2 Qb1 32. d5 Bb4 33. h4
Qe4+ 34. Kg1 Qb1+ 35. Kh2 Qe4 1-0

[Event "BL 8990 Heidelberg-Hofheim"]
[Site "?"]
[Date "1990.??.??"]
[Round "?.3"]
[White "Troltenier, D."]
[Black "Neurohr, S."]
[Result "1/2-1/2"]
[WhiteElo "2300"]
[BlackElo "2325"]
[PlyCount "64"]
[EventDate "1990.??.??"]

1. e4 c5 2. c3 d5 3. exd5 Qxd5 4. d4 Nf6 5. Nf3 Nc6 6. Be2 e6 7. O-O cxd4 8.
cxd4 Be7 9. Nc3 Qd6 10. Bg5 O-O 11. Qd2 b6 12. Rad1 Bb7 13. Rfe1 Rac8 14. Bf4
Qd7 15. Bb5 Nd5 16. Bg3 Nxc3 17. bxc3 Rfd8 18. c4 Bb4 19. Bxc6 Qe7 20. Qxb4
Qxb4 21. Bxb7 Rxc4 22. d5 Re4 23. Rxe4 Qxe4 24. Re1 Qa4 25. Bc7 Rxd5 26. Bxd5
exd5 27. h4 f6 28. Bd6 Qxa2 29. h5 Qa4 30. Rc1 Qe8 31. Rc7 Qxh5 32. Rxa7 Qg4
1/2-1/2

[Event "BL 8990 Heidelberg-Hofheim"]
[Site "?"]
[Date "1990.??.??"]
[Round "?.4"]
[White "Grathwohl, R."]
[Black "Zude, E."]
[Result "1-0"]
[WhiteElo "2360"]
[BlackElo "2325"]
[PlyCount "53"]
[EventDate "1990.??.??"]

1. Nf3 d5 2. d4 Nf6 3. c4 e6 4. Nc3 Be7 5. cxd5 exd5 6. Bg5 h6 7. Bh4 c6 8. e3
Qb6 9. Rb1 Bf5 10. Bd3 Bxd3 11. Qxd3 Qa6 12. Ke2 O-O 13. Qxa6 Nxa6 14. Rhc1
Rfe8 15. Bxf6 Bxf6 16. b4 Nc7 17. b5 c5 18. dxc5 d4 19. Nd1 Nd5 20. Rc4 Rad8
21. Rbc1 Re6 22. Nxd4 Bxd4 23. Rxd4 Nc3+ 24. Kd3 Rxd4+ 25. exd4 Nxa2 26. Ra1
Nb4+ 27. Kc4 1-0

[Event "BL 8990 Heidelberg-Hofheim"]
[Site "?"]
[Date "1990.??.??"]
[Round "?.5"]
[White "Haubt, G."]
[Black "Pirrot, D."]
[Result "1/2-1/2"]
[WhiteElo "2295"]
[BlackElo "2355"]
[PlyCount "53"]
[EventDate "1990.??.??"]

1. e4 Nc6 2. Nf3 e5 3. d4 exd4 4. Nxd4 Bc5 5. Nb3 Bb6 6. a4 a5 7. Nc3 Qf6 8.
Qe2 Nge7 9. Nd5 Nxd5 10. exd5+ Ne7 11. h4 h6 12. g4 d6 13. g5 Qf5 14. Bg2 Bd7
15. Be3 Bxe3 16. Qxe3 hxg5 17. Nd4 Qf4 18. hxg5 Rxh1+ 19. Bxh1 Qxe3+ 20. fxe3
O-O-O 21. Kd2 Rh8 22. Rf1 Rh2+ 23. Kc3 Kd8 24. Be4 Ke8 25. b3 b6 26. Kd3 Bg4
27. Rh1 1/2-1/2

[Event "BL 8990 Heidelberg-Hofheim"]
[Site "?"]
[Date "1990.??.??"]
[Round "?.7"]
[White "Huisl, W."]
[Black "Nonnenmacher, E."]
[Result "1/2-1/2"]
[WhiteElo "2335"]
[BlackElo "2300"]
[PlyCount "80"]
[EventDate "1990.??.??"]

1. e4 c5 2. Nf3 e6 3. Nc3 d6 4. Bb5+ Nd7 5. d4 cxd4 6. Qxd4 a6 7. Bg5 f6 8.
Bxd7+ Bxd7 9. Be3 Qc7 10. O-O-O b5 11. Rhe1 Rc8 12. Kb1 Qb7 13. Nd2 Ne7 14. Nb3
Nc6 15. Qb6 Qxb6 16. Bxb6 Ne5 17. Na5 Be7 18. f4 Nc4 19. Nxc4 Rxc4 20. f5 Kf7
21. fxe6+ Bxe6 22. Nd5 Rhc8 23. Nxe7 Kxe7 24. Rd2 Bf7 25. b3 R4c6 26. Ba5 Bg6
27. Bb4 Ke6 28. Kb2 h5 29. h4 Ra8 30. Ba5 Re8 31. Bb4 Kd7 32. Rde2 Bh7 33. Kc1
Re6 34. g3 Rc8 35. Rd1 Bxe4 36. Bxd6 Bxc2 37. Rxc2 Rxc2+ 38. Kxc2 Rxd6 39. Rf1
Ke6 40. Kc3 a5 1/2-1/2

[Event "BL 8990 Kirchheim-Sindelfingen"]
[Site "?"]
[Date "1990.??.??"]
[Round "?.1"]
[White "Darga, K."]
[Black "Adorjan, A."]
[Result "1/2-1/2"]
[WhiteElo "2470"]
[BlackElo "2530"]
[PlyCount "47"]
[EventDate "1990.??.??"]

1. Nf3 c5 2. c4 b6 3. Nc3 Bb7 4. d4 cxd4 5. Nxd4 Nf6 6. f3 Nc6 7. e4 Qb8 8. Be3
e6 9. Qd2 Be7 10. Rd1 O-O 11. Ndb5 d6 12. Be2 Rd8 13. O-O Ne5 14. Rfe1 a6 15.
Na3 Ned7 16. Bf1 Qc7 17. Rc1 Rac8 18. Qf2 Re8 19. Red1 Bd8 20. Bf4 Be7 21. Be3
Bd8 22. Bf4 Be7 23. Be3 Bd8 24. Bf4 1/2-1/2

[Event "BL 8990 Kirchheim-Sindelfingen"]
[Site "?"]
[Date "1990.??.??"]
[Round "?.3"]
[White "Rajkovic, D."]
[Black "Gschnitzer, O."]
[Result "1-0"]
[WhiteElo "2465"]
[BlackElo "2405"]
[PlyCount "107"]
[EventDate "1990.??.??"]

1. Nf3 c5 2. g3 Nc6 3. Bg2 e5 4. O-O g6 5. d3 Bg7 6. c3 Nge7 7. a3 a5 8. a4 O-O
9. Na3 d6 10. Nb5 h6 11. Nd2 Be6 12. e4 Na7 13. Na3 Rb8 14. Ndc4 d5 15. exd5
Nxd5 16. Re1 Nc6 17. Nb5 Re8 18. Qe2 Re7 19. Bd2 Rd7 20. Red1 Nb6 21. Be3 Nxc4
22. dxc4 Bxc4 23. Rxd7 Bxe2 24. Rxd8+ Rxd8 25. Bxc5 Rd2 26. Be3 Rd7 27. Bf1 Bf3
28. Na3 f5 29. Nc4 Bf6 30. Bg2 Bxg2 31. Kxg2 g5 32. Kf3 Kf7 33. Ke2 Ke6 34. Ra3
Bd8 35. Rb3 f4 36. Bd2 Kf5 37. Rb5 Ke6 38. Kf3 h5 39. h3 fxg3 40. fxg3 Rf7+ 41.
Ke4 Rf2 42. Rxb7 Rh2 43. Rg7 Rxh3 44. Rg6+ Kd7 45. Bxg5 Rxg3 46. Rd6+ Kc7 47.
Bxd8+ Nxd8 48. Rh6 Nb7 49. Rh7+ Kb8 50. Kd5 e4 51. Rxh5 Rg1 52. Kxe4 Ra1 53. b3
Rb1 54. Nxa5 1-0

[Event "BL 8990 Kirchheim-Sindelfingen"]
[Site "?"]
[Date "1990.??.??"]
[Round "?.4"]
[White "Mueller, O."]
[Black "Fahnenschmidt, G."]
[Result "1-0"]
[WhiteElo "2355"]
[BlackElo "2405"]
[PlyCount "63"]
[EventDate "1990.??.??"]

1. e4 c5 2. Nf3 d6 3. d4 cxd4 4. Nxd4 Nf6 5. Nc3 Nc6 6. Bg5 e6 7. Qd2 Be7 8.
O-O-O Nxd4 9. Qxd4 O-O 10. Bc4 Qa5 11. Qd2 a6 12. Kb1 Qc7 13. Bb3 Rd8 14. f4 b5
15. a3 Bb7 16. Qe2 Bc6 17. Rhe1 Re8 18. Qd3 Rad8 19. f5 exf5 20. exf5 Ng4 21.
Rxe7 Rxe7 22. Qg3 Ne5 23. Bf6 g6 24. fxg6 Nxg6 25. h4 Kf8 26. h5 Ne5 27. Qg7+
Ke8 28. Qxh7 Rb8 29. Qg7 b4 30. axb4 Rxb4 31. Qh8+ Kd7 32. Bxe5 1-0

[Event "BL 8990 Kirchheim-Sindelfingen"]
[Site "?"]
[Date "1990.??.??"]
[Round "?.7"]
[White "Bialas, W."]
[Black "Biebinger, G."]
[Result "1/2-1/2"]
[WhiteElo "2370"]
[BlackElo "2290"]
[PlyCount "89"]
[EventDate "1990.??.??"]

1. g3 c5 2. Bg2 g6 3. f4 d5 4. Nf3 Bg7 5. d3 b6 6. O-O Bb7 7. c3 Nf6 8. Ne5 O-O
9. e3 Nc6 10. Nd2 Qc7 11. Ndf3 Rad8 12. Nxc6 Bxc6 13. Qe2 Bb7 14. b3 Nd7 15. d4
Qc8 16. Rd1 Ba6 17. Qe1 Nf6 18. Bb2 e6 19. Ne5 Nd7 20. Nd3 Bxd3 21. Rxd3 b5 22.
Rd2 a5 23. Bf1 Qb7 24. Qe2 Rb8 25. c4 bxc4 26. bxc4 dxc4 27. Qxc4 Rfc8 28. Qe2
a4 29. Rad1 Nf6 30. Bg2 Nd5 31. e4 Ne7 32. e5 Qb6 33. Ba3 Qa5 34. Bxc5 Bf8 35.
Bd6 Rb6 36. Rc2 Rxc2 37. Qxc2 Nf5 38. Bxf8 Kxf8 39. Qc5+ Qxc5 40. dxc5 Rb2 41.
Be4 Rxa2 42. c6 Ne7 43. c7 Re2 44. Bd3 Rb2 45. Rc1 1/2-1/2

[Event "BL 8990 Kirchheim-Sindelfingen"]
[Site "?"]
[Date "1990.??.??"]
[Round "?.8"]
[White "Messmer, M."]
[Black "Franke, H."]
[Result "1-0"]
[WhiteElo "2290"]
[BlackElo "2370"]
[PlyCount "89"]
[EventDate "1990.??.??"]

1. d4 e6 2. Nf3 f5 3. c4 Nf6 4. Nc3 Bb4 5. Bg5 O-O 6. Qc2 d6 7. e3 h6 8. Bxf6
Qxf6 9. Be2 Nc6 10. O-O Bxc3 11. Qxc3 e5 12. b4 exd4 13. Nxd4 Ne5 14. f4 Nd7
15. Nb5 Qxc3 16. Nxc3 Nf6 17. Bf3 Be6 18. c5 a5 19. b5 d5 20. Ne2 a4 21. Nd4
Kf7 22. a3 Ne4 23. Bxe4 dxe4 24. Rfd1 Kf6 25. Rac1 Rfd8 26. Kf2 Bf7 27. h3 g5
28. g3 Be8 29. Rh1 Ra5 30. c6 b6 31. fxg5+ hxg5 32. h4 g4 33. Rb1 Bf7 34. Rhc1
Ke5 35. Rb4 Raa8 36. Ke1 Ra7 37. Kd2 Raa8 38. Kc3 Rd6 39. Rf1 Be6 40. Rb2 Rdd8
41. Rbf2 Rf8 42. Rd2 Bg8 43. Ne2 Bb3 44. Rd7 Rad8 45. Nd4 1-0

[Event "BL 8990 Zehlendorf-Lasker"]
[Site "?"]
[Date "1990.??.??"]
[Round "?.1"]
[White "Brunner, L."]
[Black "Hulak, K."]
[Result "0-1"]
[WhiteElo "2505"]
[BlackElo "2550"]
[PlyCount "161"]
[EventDate "1990.??.??"]

1. e4 c5 2. Nf3 d6 3. d4 cxd4 4. Nxd4 Nf6 5. Nc3 a6 6. Be2 e6 7. f4 Be7 8. O-O
Qc7 9. Kh1 Nc6 10. Nxc6 bxc6 11. Bf3 Bb7 12. Na4 O-O 13. c4 c5 14. Qc2 Nd7 15.
Be3 Nb8 16. Rae1 Nc6 17. e5 dxe5 18. fxe5 Rad8 19. Qc3 Nd4 20. Bxb7 Qxb7 21.
Rd1 Qe4 22. Bxd4 cxd4 23. Qg3 Qc2 24. Qb3 Qxb3 25. axb3 f6 26. Rfe1 Bb4 27. Re4
fxe5 28. Rxe5 d3 29. Kg1 d2 30. Nc3 Rf7 31. g3 Rf3 32. Kg2 Bxc3 33. Re2 Rfd3
34. bxc3 Kf7 35. h4 Kf6 36. Rf2+ Ke7 37. b4 Rxc3 38. Rfxd2 Rxd2+ 39. Rxd2 Rxc4
40. Ra2 Rc6 41. Kf3 Kd6 42. Ra5 Rb6 43. g4 e5 44. Ke3 Ke6 45. Ra4 g6 46. Ra5 h5
47. Kf3 Kf6 48. Ra4 Kf7 49. Kg3 hxg4 50. Kxg4 Kf6 51. Kf3 Kf5 52. Ke3 Re6 53.
Ra5 Kg4 54. Ke4 Kxh4 55. Kd5 Rb6 56. Ra4 Kh3 57. Kxe5 g5 58. Ra3+ Kh4 59. Ke4
Rxb4+ 60. Kf3 Rf4+ 61. Kg2 Rf6 62. Ra4+ g4 63. Ra5 Rc6 64. Ra2 Rb6 65. Kh2 g3+
66. Kg2 Rg6 67. Ra4+ Kh5 68. Ra5+ Kg4 69. Re5 Kf4 70. Re8 Rg5 71. Re6 a5 72.
Re8 Kf5 73. Re1 a4 74. Re8 Rg4 75. Re7 Re4 76. Ra7 Kf4 77. Rf7+ Ke3 78. Kxg3
Kd2 79. Kf3 Re3+ 80. Kf2 a3 81. Rd7+ 0-1

[Event "BL 8990 Zehlendorf-Lasker"]
[Site "?"]
[Date "1990.??.??"]
[Round "?.2"]
[White "Wockenfuss, K."]
[Black "Fries Nielsen, J."]
[Result "1/2-1/2"]
[WhiteElo "2405"]
[BlackElo "2425"]
[PlyCount "35"]
[EventDate "1990.??.??"]

1. d4 Nf6 2. Nc3 d5 3. Bg5 Nbd7 4. Nf3 e6 5. e3 Bb4 6. Bd3 c5 7. dxc5 Nxc5 8.
O-O O-O 9. Ne5 Nxd3 10. cxd3 Be7 11. d4 Ne8 12. Bxe7 Qxe7 13. Qb3 Nd6 14. Nb5
f6 15. Nxd6 Qxd6 16. Nd3 Bd7 17. Rfc1 b6 18. Rc3 1/2-1/2

[Event "BL 8990 Zehlendorf-Lasker"]
[Site "?"]
[Date "1990.??.??"]
[Round "?.3"]
[White "Muse, M."]
[Black "Cladouras, P."]
[Result "1-0"]
[WhiteElo "2415"]
[BlackElo "2425"]
[PlyCount "67"]
[EventDate "1990.??.??"]

1. d4 Nf6 2. c4 e6 3. Nf3 b6 4. a3 Bb7 5. Nc3 d5 6. cxd5 Nxd5 7. Qa4+ Nd7 8.
Bg5 f6 9. Nxd5 Bxd5 10. Bh4 Be7 11. e3 a6 12. Qc2 c5 13. Bc4 Bxc4 14. Qxc4 Nf8
15. dxc5 bxc5 16. O-O Qb6 17. Bg3 h5 18. Rfd1 Ra7 19. Rd2 Qb5 20. Qe4 Qb7 21.
Qc2 e5 22. Rad1 Qb5 23. Bxe5 fxe5 24. Nxe5 Rc7 25. Qe4 Qb7 26. Qa4+ Qb5 27. Qe4
Qb7 28. Qa4+ Qb5 29. Qf4 Bf6 30. Nc4 Rc6 31. Rd6 Be7 32. Rxc6 Qxc6 33. Qb8+ Kf7
34. Ne5+ 1-0

[Event "BL 8990 Zehlendorf-Lasker"]
[Site "?"]
[Date "1990.??.??"]
[Round "?.4"]
[White "Pritchett, C."]
[Black "Lehmann, K."]
[Result "1/2-1/2"]
[WhiteElo "2360"]
[BlackElo "2305"]
[PlyCount "105"]
[EventDate "1990.??.??"]

1. Nf3 Nf6 2. c4 b6 3. g3 Bb7 4. Bg2 e6 5. d4 Be7 6. Nc3 Ne4 7. Bd2 O-O 8. Rc1
d6 9. d5 Nxc3 10. Bxc3 e5 11. O-O Nd7 12. Nd2 f5 13. b4 Qe8 14. e4 Bg5 15. exf5
Bxd2 16. Qxd2 Rxf5 17. Bh3 Rf8 18. f4 Bc8 19. Be6+ Kh8 20. fxe5 Nxe5 21. Rxf8+
Qxf8 22. Bxe5 dxe5 23. Bxc8 Rxc8 24. c5 bxc5 25. bxc5 Rd8 26. Qd3 h6 27. Qe4
Qe7 28. Kg2 Rb8 29. Rc2 a5 30. h4 Rb4 31. d6 Qe8 32. Qf3 cxd6 33. cxd6 Rd4 34.
Qa3 Qa8+ 35. Kh2 Qd5 36. Qb3 Rd2+ 37. Rxd2 Qxd2+ 38. Kh3 Qxd6 39. Kg4 Qd4+ 40.
Kf5 Kh7 41. Qc2 Qe3 42. h5 Qd4 43. Qe4 Qd6 44. Qxe5 Qf8+ 45. Kg4 Qb4+ 46. Qf4
Qe1 47. Qf5+ Kg8 48. Qc8+ Kf7 49. Qd7+ Kf6 50. Qd8+ Kf7 51. Qd7+ Kf6 52. Qd8+
Kf7 53. Qd7+ 1/2-1/2

[Event "BL 8990 Zehlendorf-Lasker"]
[Site "?"]
[Date "1990.??.??"]
[Round "?.5"]
[White "Maxion, D."]
[Black "Loeffler, S."]
[Result "1/2-1/2"]
[WhiteElo "2210"]
[BlackElo "2305"]
[PlyCount "37"]
[EventDate "1990.??.??"]

1. e4 e5 2. Nf3 Nc6 3. Bb5 g6 4. c3 a6 5. Ba4 d6 6. d4 Bd7 7. O-O Bg7 8. Re1 b5
9. Bb3 Nf6 10. dxe5 Nxe5 11. Nxe5 dxe5 12. Bg5 O-O 13. Nd2 Bc6 14. Qe2 h6 15.
Bh4 Qe8 16. Rad1 Kh7 17. Bxf6 Bxf6 18. Nf1 Be7 19. Bd5 1/2-1/2

[Event "BL 8990 Zehlendorf-Lasker"]
[Site "?"]
[Date "1990.??.??"]
[Round "?.6"]
[White "Vogel, R."]
[Black "Meier, V."]
[Result "1-0"]
[WhiteElo "2320"]
[BlackElo "2240"]
[PlyCount "73"]
[EventDate "1990.??.??"]

1. d4 Nf6 2. c4 e6 3. Nc3 Bb4 4. e3 c5 5. Bd3 Nc6 6. Nf3 Bxc3+ 7. bxc3 d6 8.
O-O e5 9. Ng5 Bd7 10. f4 Qe7 11. fxe5 dxe5 12. Rb1 O-O-O 13. Kh1 h6 14. Nh3 Bg4
15. Qa4 exd4 16. exd4 cxd4 17. Nf2 dxc3 18. Bf4 Qc5 19. Rb5 Qd4 20. Rxb7 Kxb7
21. Rb1+ Qb6 22. Rxb6+ axb6 23. c5 Ra8 24. Qb3 Nd7 25. Nxg4 Rhe8 26. h3 Nxc5
27. Qxc3 Rxa2 28. Bb5 Re4 29. Be3 Ra5 30. Bc4 h5 31. Nf2 Re7 32. Bd5 f6 33. Bf3
h4 34. Nd3 Rb5 35. Bxc5 bxc5 36. Nxc5+ Kc8 37. Nb3 1-0

[Event "BL 8990 Zehlendorf-Lasker"]
[Site "?"]
[Date "1990.??.??"]
[Round "?.7"]
[White "Paulsen, D."]
[Black "Lieb, H."]
[Result "0-1"]
[WhiteElo "2295"]
[BlackElo "2250"]
[PlyCount "88"]
[EventDate "1990.??.??"]

1. d4 Nf6 2. c4 g6 3. Nc3 Bg7 4. e4 d6 5. h3 O-O 6. Nf3 e5 7. d5 a5 8. Be3 Na6
9. a3 Bd7 10. Nd2 Kh8 11. g4 c6 12. Be2 Ng8 13. h4 f5 14. Bg5 Bf6 15. Bxf6+
Qxf6 16. g5 Qe7 17. Bd3 Nc5 18. Qe2 h5 19. gxh6 Nxh6 20. O-O-O fxe4 21. Bxe4
Nxe4 22. Ndxe4 Bg4 23. Qd2 Nf5 24. Rdg1 Bh5 25. Kb1 Nd4 26. Qh6+ Qh7 27. Qxh7+
Kxh7 28. Nxd6 cxd5 29. cxd5 Rxf2 30. Nce4 Rf4 31. Rc1 Kg8 32. Rc7 b5 33. Ng5
Raf8 34. Rhc1 b4 35. Ne6 Be2 36. Nxf4 exf4 37. axb4 axb4 38. Rc8 f3 39. Rxf8+
Kxf8 40. Nc4 Nb3 41. Ne3 Nxc1 42. Kxc1 f2 43. Kc2 Ke7 44. Kb3 Kd6 0-1